000
00291nam a2200121Ia 4500
008
191201s2014 xx 000 0 und d
100
_a
HEARN,Donald
245
0
_a
Computer Graphics with open GL
250
_a
IMP 2nd
260
_c
2014
_b
pearson
_a
NEW DELHI
300
_a
812
942
_2
ddc
_c
BK
999
_c
7910
_d
7910